| 000 | 01338cam a22002655a 4500 | ||
|---|---|---|---|
| 999 |
_c215 _d215 |
||
| 001 | 17658694 | ||
| 003 | OSt | ||
| 005 | 20200312101332.0 | ||
| 008 | 130314m2011 ilua b 001 0 eng d | ||
| 040 |
_aKABLIB _beng _cKABLIB _dKABLIB |
||
| 082 | 0 | 0 |
_a617.1027 _223 _bINS |
| 245 | 0 | 0 |
_aInstructional Course Lectures / _cedited by Charles T. Prince. |
| 260 |
_aRosemont, IL : _bAmerican Academy Of Orthopaedic Surgeons, _cc2000. |
||
| 300 |
_axvii, 702 p. : _bill. ; _c29 cm, _eCD-ROM. |
||
| 500 | _a"The American Orthopaedic Society for Sports Medicine." | ||
| 504 | _aIncludes bibliographical references and index. | ||
| 505 | 0 | _aV. 2. Sect. 1: The shoulder -- sect. 2: Rotator cuff and arthritis -- sect. 3: Pediatric sports injuries -- sect. 4: Miscellaneous sports-related conditions -- sect. 5: Hip injuries -- sect. 6: Foot and ankle injuries -- sect. 7: Elbow injuries -- sect. 8: Knee injuries. | |
| 520 |
_a"Current surgical approaches and up-to-date expertise on the important and developing topics facing the practice of orthopaedic sports medicine today." -- _cAAOS web site. |
||
| 650 | 0 |
_aSports medicine. _9833 |
|
| 650 | 0 |
_aOrthopedics. _9840 |
|
| 650 | 7 |
_aOrthopedics. _2fast _0(OCoLC)fst01048565 _9840 |
|
| 650 | 7 |
_aSports medicine. _2fast _0(OCoLC)fst01130709 _9833 |
|
| 700 | 1 |
_aPrince, Charles T. _9841 |
|
| 942 |
_2ddc _cBOOK |
||